United Utilities Waste plc v Environment Agency for England and Wales (Record no. 77219)

MARC details
000 -LEADER
fixed length control field 02255cab a2200241 4500
001 - CONTROL NUMBER
control field ##L133811
008 - FIXED-LENGTH DATA ELEMENTS--GENERAL INFORMATION
fixed length control field 060612n2006 000 0 eng u
035 ## - SYSTEM CONTROL NUMBER
System control number (Sirsi) u133811
041 0# - LANGUAGE CODE
Language code of text/sound track or separate title eng
245 00 - TITLE STATEMENT
Title United Utilities Waste plc v Environment Agency for England and Wales
260 ## - PUBLICATION, DISTRIBUTION, ETC.
Date of publication, distribution, etc. 2006
520 ## - SUMMARY, ETC.
Summary, etc. [2006] EWCA Civ 633, 19 May 2006. Considers whether a water treatment plant that treated sludge for disposal was an installation requiring a permit under the Pollution Prevention and Control (England and Wales) Regulations 2000. Appeal by U against a decision ([2006] EWHC 9 (QB), unreported) that it required permits from E pursuant to the 2000 Regulations to carry out operations at three of its water treatment plants. E cross-appealed against the decision that two other of U's plants did not require permits. The judge concluded the sludge from the three plants was discarded within the meaning of Sch1 Part I s5.3(c) of the Regulations and that the three plants fell within the definition of installation. Because the two other plants were not on the same sites as the brewery and milk processing plant that they serviced, they were not installations requiring permits. "Held": appeal and cross-appeal dismissed. A water treatment plant that treated sludge for disposal was an installation requiring a permit under the Regulations whether it directly produced the discard or whether the sludge underwent further treatment after leaving the plant. The difference between intermediate and final operations was not a principled distinction given the legislative context.
590 ## - LOCAL NOTE (RLIN)
Local note IKA200606
650 24 - SUBJECT ADDED ENTRY--TOPICAL TERM
Topical term or geographic name entry element DIRECTIVE 96/61/EC
650 24 - SUBJECT ADDED ENTRY--TOPICAL TERM
Topical term or geographic name entry element DIRECTIVE 75/442/EEC
650 24 - SUBJECT ADDED ENTRY--TOPICAL TERM
Topical term or geographic name entry element POLLUTION PREVENTION AND CONTROL (ENGLAND AND WALES) REGULATIONS 2000
650 24 - SUBJECT ADDED ENTRY--TOPICAL TERM
Topical term or geographic name entry element POLLUTION PREVENTION AND CONTROL (ENGLAND AND WALES) REGULATIONS 2000SCHED 1 PART 1 S5.3(C)
650 24 - SUBJECT ADDED ENTRY--TOPICAL TERM
Topical term or geographic name entry element POLLUTION PREVENTION AND CONTROL (ENGLAND AND WALES) REGULATIONS 2000 REG 2(1)(i)
651 #4 - SUBJECT ADDED ENTRY--GEOGRAPHIC NAME
Geographic name England and Wales
Chronological subdivision 1543-
690 ## - LOCAL SUBJECT ADDED ENTRY--TOPICAL TERM (OCLC, RLIN)
Topical term or geographic name as entry element ENVIRONMENTAL AND LAND CONSULTANCY-ENVIRONMENTAL MANAGEMENT-ENVIRONMENTAL ASSESSMENT
856 40 - ELECTRONIC LOCATION AND ACCESS
Uniform Resource Identifier <a href="https://www.bailii.org/ew/cases/EWCA/Civ/2006/633.html">https://www.bailii.org/ew/cases/EWCA/Civ/2006/633.html</a>
Public note View the judgment free of charge at www.bailii.org...
942 ## - ADDED ENTRY ELEMENTS (KOHA)
Suppress in OPAC 0
Holdings
Withdrawn status Lost status Source of classification or shelving scheme Damaged status Not for loan Home library Current library Shelving location Date acquired Total Checkouts Full call number Barcode Date last seen Copy number Price effective from Koha item type
    Dewey Decimal Classification     Virtual Virtual Online 12/06/2006   ONLINE PUBLICATION 133811-2001 06/08/2019 1 06/08/2019 Law report